Eisenbahnstrecken - Statistiken

Allgemein
  • Dieses Quiz wurde 58 mal gespielt
  • Das Durchschnittsergebnis liegt bei 5 aus 15
Antwortstatistiken
Hint Antwort % Korrekt
Mannheim - Biblis - Groß-Gerau - Frankfurt am Main Riedbahn
61%
Hamburg - Fehmarnbelt - Kopenhagen Vogelfluglinie
53%
Elmshorn - Niebüll - Westerland Marschbahn
45%
Köln - Bonn - Koblenz - Mainz Linke Rheinstrecke
43%
Mannheim - Karlsruhe - Freiburg (Breisgau) - Basel Oberrheinbahn
43%
Charlottenburg - Berlin Hbf - Berlin Ostbahnhof Berliner Stadtbahn
35%
Frankfurt am Main - Gießen - Kassel Main-Weser-Bahn
31%
Hamburg - Bremen - Osnabrück - Münster Rollbahn
29%
Lindau - Kempten - München Allgäubahn
27%
Stuttgart - Heilbronn - Würzburg Frankenbahn
27%
Langenwedel - Uelzen - Stendal Amerikalinie
22%
Berlin - Jüterbog - Halle Anhalterbahn
18%
Hannover - Göttingen - Fulda - Würzburg Nord - Süd - Strecke
8%
Dresden - Chemnitz - Hof - Nürnberg Sachsen - Franken - Magistrale
8%
Nürnberg - Fürth Ludwigseisenbahn
2%
Keine übereinstimmenden Quizze gefunden
Verteilung der Resultate
Anzahl Personen mit jedem Resultat
Perzentil nach korrekt beantworteten Fragen
Ihre Resultats-Entwicklung
Sie haben dieses Quiz noch nicht gespielt